000 00566nam a22001697a 4500
005 20120319123230.0
020 _c00.00
035 _a279061
037 _aDPL
_bENG
100 _aRadhakrishnan
_943928
245 _aIndian Philosophy /
_cby Radhakrishnan
250 _aVol.II
260 _aLondon
_bThe Macmillan Company
_c1962
300 _a810p.
_c18 cms.
942 _2ddc
_cEN
_h181.4
_mRAD
999 _c64133
_d64133